LIBRARY ONLINE CATALOGUE

Microeconomics / (Record no. 1572)

MARC details
000 -LEADER
fixed length control field 00724nam a22002292 4500
001 - CONTROL NUMBER
control field 0000020984
005 - DATE AND TIME OF LATEST TRANSACTION
control field 20151021152602.0
008 - FIXED-LENGTH DATA ELEMENTS--GENERAL INFORMATION
fixed length control field 120106s xx 000 0 eng d
020 ## - INTERNATIONAL STANDARD BOOK NUMBER
International Standard Book Number 0582403878 :
040 ## - CATALOGING SOURCE
Original cataloging agency KABU
Transcribing agency KABU
100 1# - MAIN ENTRY--PERSONAL NAME
Personal name Gravelle, Hugh.
-- 0000181644
245 10 - TITLE STATEMENT
Title Microeconomics /
Statement of responsibility, etc. Hugh Gravelle and Ray Rees.
250 ## - EDITION STATEMENT
Edition statement 3rd ed.
260 ## - PUBLICATION, DISTRIBUTION, ETC. (IMPRINT)
Place of publication, distribution, etc. Harlow, England :
Name of publisher, distributor, etc. Prentice Hall,
Date of publication, distribution, etc. 2004.
300 ## - PHYSICAL DESCRIPTION
Extent ix, 738 p.
650 #0 - SUBJECT ADDED ENTRY--TOPICAL TERM
Topical term or geographic name as entry element Microeconomics.
-- 0000149944
700 1# - ADDED ENTRY--PERSONAL NAME
Personal name Rees, Ray.
-- 0000181645
852 1# - LOCATION
-- p8900 KES
852 1# - LOCATION
-- p8900 KES
908 ## - PUT COMMAND PARAMETER (RLIN)
Put command parameter 120106
950 ## - LOCAL HOLDINGS (RLIN)
-- 1
Holdings
Withdrawn status Lost status Source of classification or shelving scheme Not for loan Home library Current library Date acquired Total Checkouts Full call number Barcode Date last seen Copy number Price effective from Koha item type Date last checked out
    Library of Congress Classification   Kabarak, Main Campus Kabarak, Main Campus 21/10/2015 4 HB172 .G73 2004 c. 1 20167 02/08/2024 c.1 21/10/2015 General Collection 03/11/2021
    Library of Congress Classification   Kabarak, Nakuru City Campus Kabarak, Nakuru City Campus 21/10/2015   HB172 .G73 2004 c. 1 20159 21/10/2015 c.1 21/10/2015 General Collection